[Event "WIO (Open)"]
[Site "Boise, ID"]
[Date "2006.12.10"]
[Round "4.5"]
[White "Harmon-Vellotti, Luke"]
[Black "Shouse, Donald L"]
[Result "1-0"]
[WhiteElo "1229"]
[BlackElo "1211"]

1. e4 e5 2. Nf3 Nc6 3. Bc4 Nf6 4. d3 Bc5 5. Nc3 O-O 6. Bg5 h6 7. Bh4 Be7 8.
Bg3 d6 9. h3 Na5 10. Bb3 Nxb3 11. axb3 Bd7 12. O-O Nh5 13. Nxe5 Nxg3 14. Nxd7
Re8 15. fxg3 Qxd7 16. Qf3 Rf8 17. Rae1 Bg5 18. Re2 c6 19. d4 Bf6 20. e5 dxe5
21. dxe5 Bg5 22. Rd1 Qe6 23. Rd6 Qe8 24. Qf5 Be7 25. Rd7 Rd8 26. Rxb7 g6 27.
Qg4 Kg7 28. Ne4 h5 29. Qf4 Rd7 30. Nf6 Rd1+ 31. Kh2 Qd8 32. Rf2 Bc5 33. Rf1
Rxf1 34. Qxf1 Qd4 35. Nd7 Re8 36. Nxc5 Qd5 37. Nd3 Rf8 38. Qf3 Qa5 39. b4 Qa6
40. Rc7 Qb6 41. Rxc6 Qd8 42. Qf6+ Kg8 43. Qxd8 Rxd8 44. Kg1 Kg7 45. Kf2 Ra8
46. Rc7 a5 47. e6 Kf8 48. Rxf7+ Kg8 49. bxa5 Rxa5 50. Kf3 Ra6 51. Rf6 Kg7 52.
e7 Ra8 53. Re6 Re8 54. Ne5 g5 55. c4 g4+ 56. hxg4 hxg4+ 57. Kxg4 Kh7 58. Kg5
Rg8+ 59. Kf6 Rf8+ 60. exf8=R Kh6 61. Rh8# 1-0

[Event "WIO (Reserve)"]
[Site "Boise, ID"]
[Date "2006.12.09"]
[Round "1.1"]
[White "Harmon-Vellotti, Carl Honor"]
[Black "Andrade, Dylan F"]
[Result "1-0"]
[WhiteElo "1165"]
[BlackElo "432"]

1. e4 e5 2. Nf3 Nc6 3. Bc4 h6 4. Nc3 Nf6 5. d3 Bc5 6. Be3 Bxe3 7. fxe3 O-O 8.
O-O d6 9. Qe1 Bg4 10. Qg3 g5 11. h3 Bxf3 12. Qxf3 a6 13. Qxf6 Qxf6 14. Rxf6 b5
15. Bd5 Kg7 16. Rf3 Rac8 17. Bxc6 b4 18. Nd5 a5 19. Raf1 Rb8 20. Rg3 Kg6 21.
Bd7 Rbd8 22. Bf5+ Kg7 23. h4 Rde8 24. hxg5 hxg5 25. Rxg5+ Kh6 26. Rg3 c6 27.
Nf6 Re7 28. Rff3 a4 29. Rg4 b3 30. Rh3# 1-0

[Event "WIO (Reserve)"]
[Site "Boise, ID"]
[Date "2006.12.09"]
[Round "2.1"]
[White "Kaminski, Nathan"]
[Black "Harmon-Vellotti, Carl Honor"]
[Result "0-1"]
[WhiteElo "734"]
[BlackElo "1165"]

1. e4 e5 2. Nf3 Nc6 3. Bb5 a6 4. Bxc6 dxc6 5. Nxe5 Qd4 6. Ng4 Qxe4+ 7. Ne3 Bc5
8. O-O Qg6 9. Qf3 Nf6 10. Re1 O-O 11. d3 Re8 12. a3 Ng4 13. Bd2 Bd4 14. c3 Bf6
15. Nxg4 Rxe1+ 16. Bxe1 Bxg4 17. Qg3 Re8 18. Nd2 Be6 19. Qxc7 Bc8 20. Ne4 Be5
21. Qb6 Qe6 22. Nc5 Qe7 23. d4 Bc7 24. Qxc7 Qxe1+ 25. Rxe1 Rxe1# 0-1

[Event "ICA January Quads #2"]
[Site "Boise, ID"]
[Date "2007.01.03"]
[Round "1.2"]
[White "Harmon-Vellotti, Luke"]
[Black "Tatom, Gene L"]
[Result "1-0"]
[WhiteElo "1229"]
[BlackElo "1669"]

1. e4 c5 2. Nc3 Nc6 3. f4 g6 4. Nf3 Bg7 5. d3 e6 6. Be2 Nge7 7. O-O O-O 8. Qe1
d5 9. e5 a6 10. a4 b6 11. h3 Bb7 12. Bd1 Rb8 13. Ne2 d4 14. Ng3 Nb4 15. Bd2 a5
16. Ng5 Qd7 17. Bxb4 cxb4 18. Bf3 Nd5 19. Bxd5 Qxd5 20. N5e4 f5 21. exf6 Bxf6
22. Rf2 Bh4 23. Qe2 Bxg3 24. Nxg3 Rbe8 25. Re1 Qd7 26. Ne4 Bxe4 27. Qxe4 Rf7
28. b3 Rfe7 29. Rfe2 Qd6 30. Qe5 Qxe5 31. Rxe5 Kf7 32. Kf2 Rc8 33. R1e2 Rc6
34. Ke1 Rec7 35. Kd1 Re7 36. R2e4 Rd6 37. g4 Red7 38. Rb5 Rc7 39. g5 Rdc6 40.
Re2 Rb7 41. Rbe5 Re7 42. R5e4 Rd6 43. h4 Rc6 44. Rh2 Rd6 45. h5 Rd5 46. Kd2
Rb7 47. hxg6+ Kxg6 48. Rxe6+ Kf5 49. Rf6+ Kg4 50. Re2 Rdd7 51. Re5 Kf3 52.
Ref5 Kg4 53. Rb5 Re7 54. Rfxb6 Rxb6 55. Rxb6 Kxf4 56. g6 hxg6 57. Rxg6 Re5 58.
Rd6 Kf3 59. Rxd4 Re2+ 60. Kc1 Ke3 61. Re4+ {#r} 1-0

[Event "ICA January Quads #2"]
[Site "Boise, ID"]
[Date "2007.01.10"]
[Round "2.2"]
[White "Frasure, Drake Martin"]
[Black "Harmon-Vellotti, Luke"]
[Result "0-1"]
[WhiteElo "1180"]
[BlackElo "1229"]

1. e4 e5 2. Nf3 Nc6 3. Bc4 Bc5 4. Ng5 Qxg5 5. O-O Qe7 6. Nc3 Nf6 7. a3 d6 8.
d3 Bg4 9. Qe1 Nd4 10. Bb3 O-O 11. Bg5 c6 12. Kh1 h6 13. Bh4 Be6 14. Ba2 Nxc2
15. Qd2 Nxa1 16. Rxa1 Bxa2 17. Rxa2 Bd4 18. Ne2 Qe6 19. Ra1 d5 20. f4 dxe4 21.
dxe4 Rad8 22. Ng3 Bb6 23. Qe2 exf4 24. Nf5 Rfe8 25. Rf1 Qxf5 {#R} 0-1

[Event "ICA January Quads #3"]
[Site "Boise, ID"]
[Date "2007.01.03"]
[Round "1.1"]
[White "Daptardar, Soham Virendra"]
[Black "Harmon-Vellotti, Carl Honor"]
[Result "0-1"]
[WhiteElo "855"]
[BlackElo "1165"]

1. e4 e5 2. Nf3 Nc6 3. Bc4 Bc5 4. Nc3 Nf6 5. O-O d6 6. d3 Bg4 7. h3 Bh5 8. Be3
Qd7 9. Qe2 Nd4 10. Bxd4 Bxd4 11. Rab1 c6 12. Rfe1 b5 13. Bb3 a5 14. a3 a4 15.
Ba2 Rd8 16. Nd1 Rc8 17. Ne3 g6 18. Nf1 Rg8 19. Ng3 h6 20. Nxh5 gxh5 21. Kh2
Ke7 22. Nxd4 exd4 23. Rg1 Qc7 24. Qd2 d5+ 25. Kh1 Rg6 26. exd5 cxd5 27. Rbe1+
Kf8 28. Qb4+ Kg8 29. Qxb5 Rb8 30. Qxd5 Qf4 31. f3 h4 32. Qc6 Nh5 33. Re8+ Kg7
34. Qd7 Ng3+ 35. Kh2 Nf1+ 36. Kh1 Qh2# 0-1

[Event "ICA January Quads #3"]
[Site "Boise, ID"]
[Date "2007.01.16"]
[Round "2.1"]
[White "Harmon-Vellotti, Carl Honor"]
[Black "Abderhalden, Richard Robert"]
[Result "1-0"]
[WhiteElo "1165"]
[BlackElo "903"]

1. e4 e5 2. Nf3 Nc6 3. Bc4 Bc5 4. c3 Nf6 5. d4 Bb6 6. dxe5 Nxe4 7. Qd5 O-O 8.
Qxe4 d6 9. O-O Be6 10. Ng5 g6 11. Bxe6 Qe7 12. Bb3 Nxe5 13. Nf3 Kg7 14. Be3
Bxe3 15. Qxe3 Rae8 16. Nxe5 dxe5 17. Nd2 f5 18. f4 e4 19. Rae1 Rf6 20. g4 h6
21. Kh1 a6 22. Rg1 Kh7 23. g5 Rd6 24. Qh3 h5 25. Qe3 b5 26. Bc2 c5 27. Nxe4
fxe4 28. Qxe4 Qxe4+ 29. Rxe4 Rf8 30. Rge1 Kg7 31. Re6 Rxe6 32. Rxe6 Rxf4 33.
Rxg6+ Kf7 34. Rf6+ Rxf6 35. gxf6 Kxf6 36. Kg2 Kg5 37. Be4 Kf4 38. Bb7 b4 39.
cxb4 cxb4 40. Bxa6 {#r} 1-0

[Event "ICA January Quads #3"]
[Site "Boise, ID"]
[Date "2007.01.17"]
[Round "3.1"]
[White "Abderhalden, Katherine Louise"]
[Black "Harmon-Vellotti, Carl Honor"]
[Result "0-1"]
[WhiteElo "817"]
[BlackElo "1165"]

1. e4 e5 2. Nf3 Nc6 3. Bc4 Bc5 4. c3 Nf6 5. d4 exd4 6. cxd4 Bb4+ 7. Bd2 Bxd2+
8. Nbxd2 d5 9. exd5 Nxd5 10. Bxd5 Qxd5 11. Nb3 O-O 12. O-O Bg4 13. Qd3 Rad8
14. Rad1 Rfe8 15. h3 Bh5 16. Rd2 Nb4 17. Qc3 Nxa2 18. Qd3 Nb4 19. Qc3 Nc6 20.
Ne5 Nxe5 21. dxe5 Qc6 22. Rxd8 Rxd8 23. Qxc6 bxc6 24. Rc1 Rd3 25. Na5 Rd1+ 26.
Rxd1 Bxd1 27. Nxc6 a6 28. Kf1 Ba4 29. Nd4 Kf8 30. Ke2 c5 31. b3 Bd7 32. Nc2
Ke7 33. Kd3 Bb5+ 34. Kc3 Ke6 35. f4 Kf5 36. g3 Ke4 37. Na3 Kf3 38. g4 Kxf4 39.
Nxb5 axb5 40. Kd3 Kxe5 41. h4 c4+ 42. bxc4 bxc4+ 43. Kxc4 Kf4 44. g5 Kg4 45.
Kd4 Kxh4 46. Ke4 Kxg5 47. Kf3 h5 48. Kg3 f5 49. Kg2 Kg4 50. Kf2 f4 51. Kg2 g5
52. Kf2 h4 53. Kg2 f3+ 54. Kf2 h3 55. Kg1 Kg3 56. Kf1 h2 57. Ke1 f2+ 58. Kd2
f1=Q 59. Kc3 h1=Q 60. Kd4 Qc6 {#R} 0-1

[Event "Idaho Closed"]
[Site "Boise, ID"]
[Date "2007.02.17"]
[Round "2.14"]
[White "Harmon-Vellotti, Luke"]
[Black "Patterson, Kevin R"]
[Result "1-0"]
[WhiteElo "1268"]
[BlackElo "732"]

1. e4 e5 2. Nf3 Nc6 3. Bc4 Bc5 4. c3 d6 5. d4 Bg4 6. dxc5 dxc5 7. Be3 Qd6 8.
Bxf7+ Kf8 9. Bxg8 Kxg8 10. Nbd2 b6 11. Nc4 Qe7 12. Qd5+ Qe6 13. Nfxe5 Qxd5 14.
exd5 Ne7 15. Nxg4 Rd8 16. Rd1 h6 17. d6 cxd6 18. Rxd6 Re8 19. Re6 Kf7 20. Re4
Rd8 21. Ke2 Nc6 22. Nge5+ Nxe5 23. Nxe5+ Kg8 24. Rd1 Re8 25. f3 Kh7 26. Rd7
Re6 27. Rh4 Kg8 28. f4 Kf8 29. Rd8+ Re8 30. Ng6+ Kf7 31. Nxh8+ Ke7 32. Rxe8+
Kxe8 33. Rg4 Kf8 34. f5 {#r} 1-0

[Event "Idaho Closed"]
[Site "Boise, ID"]
[Date "2007.02.17"]
[Round "2.16"]
[White "Harmon-Vellotti, Carl Honor"]
[Black "Seekamp III, John Edwin"]
[Result "1-0"]
[WhiteElo "1185"]
[BlackElo "521"]

1. e4 e5 2. Nf3 Nc6 3. Bc4 Bc5 4. Nc3 Nf6 5. d3 d6 6. Be3 Bxe3 7. fxe3 Bg4 8.
O-O O-O 9. Qe2 Nb4 10. a3 d5 11. exd5 Nbxd5 12. Qd2 e4 13. Nxe4 Nxe4 14. dxe4
Nf6 15. Qd3 Re8 16. Ng5 Qxd3 17. cxd3 Re7 18. Rac1 h6 19. Nxf7 Rxf7 20. Bxf7+
Kxf7 21. Rxc7+ Kg8 22. Rfc1 Ne8 23. Rxb7 Rd8 24. d4 Rc8 25. Rxc8 Bxc8 26. Rb8
Bd7 27. Ra8 Kh7 28. Rxa7 Bc6 29. d5 Bb5 30. Rb7 Bd3 31. e5 Bc4 32. d6 Kg6 33.
d7 Bf7 34. d8=Q Kh7 35. Rxf7 h5 36. Qxe8 Kh6 37. Rf5 g6 38. Qh8# 1-0

[Event "Idaho Closed"]
[Site "Boise, ID"]
[Date "2007.02.18"]
[Round "4.12"]
[White "Daptardar, Soham Virendra"]
[Black "Harmon-Vellotti, Luke"]
[Result "0-1"]
[WhiteElo "855"]
[BlackElo "1268"]

1. c3 Nf6 2. d4 d5 3. Nf3 Bf5 4. Bf4 Nc6 5. Nbd2 e6 6. g3 Bd6 7. Bxd6 Qxd6 8.
Bg2 O-O 9. O-O Rfe8 10. e3 Rad8 11. Qb3 b6 12. c4 Na5 13. Qa4 Bd3 14. c5 Qc6
15. Qxc6 Nxc6 16. Rfc1 b5 17. Ne1 Bg6 18. Nc2 e5 19. dxe5 Nxe5 20. Bf1 c6 21.
Nb4 a5 22. Nc2 Ne4 23. Nxe4 dxe4 24. Nd4 Bh5 25. a4 b4 26. h3 Nf3+ 27. Nxf3
Bxf3 28. Bg2 Be2 29. Bf1 Bxf1 30. Rxf1 Rd2 31. b3 Red8 32. Rfc1 R8d3 33. Rab1
Ra2 34. Rd1 Rdd2 35. Rxd2 Rxd2 36. Kf1 Kf8 37. Ke1 Rc2 38. Kd1 Rxf2 39. Rc1
Rf1+ 40. Kd2 Rxc1 41. Kxc1 Ke7 42. Kd2 Ke6 43. Ke2 Kd5 44. g4 g5 45. Kf2 Kxc5
46. Kg3 Kd5 47. h4 h6 48. h5 c5 49. Kf2 c4 50. bxc4+ Kxc4 51. Ke2 Kc3 52. Kf2
b3 53. Kg3 b2 54. Kf2 b1=Q 55. Kg3 Qc2 56. Kh3 Kd3 57. Kg3 Kxe3 58. Kh3 f5 59.
Kg3 Qf2+ 60. Kh3 fxg4+ 61. Kxg4 Qf3# 0-1

[Event "Idaho Open"]
[Site "Pocatello, ID"]
[Date "2007.03.31"]
[Round "1.5"]
[White "Harmon-Vellotti, Luke"]
[Black "Chi, Alvin"]
[Result "0-1"]
[WhiteElo "1419"]
[BlackElo "1764"]

1. e4 e5 2. Nf3 Nc6 3. Bc4 Bc5 4. c3 Nf6 5. d4 exd4 6. cxd4 Bb4+ 7. Bd2 Bxd2+
8. Nbxd2 d5 9. exd5 Nxd5 10. Qb3 Nce7 11. O-O O-O 12. Rfe1 c6 13. Ne4 Qc7 14.
Rac1 Rd8 15. Nc3 Be6 16. Ng5 Qd7 17. Nxe6 fxe6 18. Nxd5 exd5 19. Bd3 Rf8 20.
Qc2 h6 21. Qe2 Nf5 22. Bxf5 Rxf5 23. Qe7 Rf7 24. Qxd7 Rxd7 25. Re6 Rf8 26.
Rce1 Rf4 27. Rd1 Kf7 28. Re3 Re7 29. Rxe7+ Kxe7 30. g3 Re4 31. Kf1 Kd6 32. f3
Re7 33. Rc1 Re3 34. Kf2 Rd3 35. Ke2 Rxd4 36. Ke3 Ra4 37. a3 c5 38. f4 Re4+ 39.
Kd3 c4+ 40. Kd2 b5 41. h3 d4 42. h4 Kd5 43. h5 Re3 44. Rg1 Rb3 45. Kc2 Ke4 46.
Re1+ Re3 47. Rg1 Re2+ 48. Kc1 d3 49. Kb1 d2 50. Kc2 Re1 51. Kxd2 Rxg1 52. Kc3
Rxg3+ 53. Kb4 Rb3+ 54. Ka5 Rxb2 55. Ka6 c3 56. Kxa7 c2 57. Ka6 c1=Q 58. Ka5
Qc3+ 59. Ka6 Qxa3+ 60. Kb6 Qd6+ 61. Kb7 Rc2 {#R} 0-1

[Event "Idaho Open"]
[Site "Pocatello, ID"]
[Date "2007.03.31"]
[Round "1.6"]
[White "Vellotti, Daniel J"]
[Black "Treiman, Scott"]
[Result "1-0"]
[WhiteElo "1751"]
[BlackElo "1378"]

1. e4 c6 2. d4 d5 3. Nc3 dxe4 4. Nxe4 Nf6 5. Nxf6+ exf6 6. Nf3 Bd6 7. Bd3 O-O
8. O-O Bg4 9. h3 Be6 10. b3 Nd7 11. c4 Qa5 12. Qc2 Qh5 13. Nh2 Bxh3 14. gxh3
Qxh3 15. f4 Rfe8 16. Bf5 Qg3+ 17. Qg2 Qc3 18. Bb2 Qe3+ 19. Kh1 Nf8 20. Rae1
Qxe1 21. Rxe1 Rxe1+ 22. Nf1 Rae8 23. Bd3 R8e3 24. Bc3 Rd1 25. Bc2 Rc1 26. Bd2
Rxc2 27. Nxe3 Bxf4 28. Nxc2 Bd6 29. Bb4 Bc7 30. Bxf8 Kxf8 31. Qh3 Bf4 32. Qc8+
Ke7 33. Qxb7+ Ke6 34. Qc8+ Ke7 35. Qxc6 g5 36. Ne3 Bxe3 37. Qe4+ Kd6 38. Qxe3
a5 39. c5+ Kc6 40. Qe4+ Kd7 41. c6+ Kc7 42. d5 a4 43. Qe7+ Kb6 44. c7 axb3 45.
c8=Q Kb5 46. Qeb7+ Ka4 47. Qca8# 1-0

[Event "Idaho Open"]
[Site "Pocatello, ID"]
[Date "2007.03.31"]
[Round "2.8"]
[White "Walter, John B"]
[Black "Harmon-Vellotti, Luke"]
[Result "1-0"]
[WhiteElo "1525"]
[BlackElo "1419"]

1. e4 e5 2. Nf3 Nc6 3. Be2 Nf6 4. O-O Nxe4 5. Bb5 d6 6. Bxc6+ bxc6 7. d4 exd4
8. Re1 d5 9. Nxd4 c5 10. Nf3 Be7 11. Ne5 O-O 12. Nc6 Qd6 13. Nxe7+ Qxe7 14. f3
Bb7 15. fxe4 dxe4 16. Be3 Rad8 17. Nd2 f5 18. g3 a6 19. Qe2 Kh8 20. c4 Qe5 21.
Nb3 Bc6 22. Bxc5 Rf6 23. Rad1 Rxd1 24. Rxd1 Qe8 25. Be3 h6 26. Rf1 Qg6 27. Rf4
Qf7 28. Bd4 Qg6 29. Bxf6 Qxf6 30. Qf2 Bd7 31. g4 Qg5 32. h4 Qg6 33. Qd4 Be6
34. Qd8+ Kh7 35. h5 Qf7 36. Nd4 Bxc4 37. Rxf5 {#r} 1-0

[Event "Idaho Open"]
[Site "Pocatello, ID"]
[Date "2007.03.31"]
[Round "3.4"]
[White "Vellotti, Daniel J"]
[Black "Walter, John B"]
[Result "1-0"]
[WhiteElo "1751"]
[BlackElo "1525"]

1. e4 e5 2. Nf3 Nc6 3. Bb5 d6 4. d4 Bd7 5. Nc3 Be7 6. Bxc6 Bxc6 7. dxe5 dxe5
8. Qxd8+ Rxd8 9. Nxe5 Bf6 10. Nxc6 Bxc3+ 11. bxc3 bxc6 12. Rb1 Ne7 13. Rb7 Rd7
14. Rxa7 O-O 15. Ke2 f5 16. Ra4 Re8 17. Be3 f4 18. Bxf4 Nd5 19. Bd2 c5 20. f3
Nb6 21. Ra7 h6 22. Be3 Nc4 23. Bf4 Ree7 24. Rd1 Rxd1 25. Kxd1 Kf7 26. Rxc7
Ne3+ 27. Ke2 Rxc7 28. Bxc7 Nxc2 29. Bd6 {#r} 1-0

[Event "Idaho Open"]
[Site "Pocatello, ID"]
[Date "2007.03.31"]
[Round "3.8"]
[White "Harmon-Vellotti, Luke"]
[Black "Vander Sys, Sean R"]
[Result "1/2-1/2"]
[WhiteElo "1419"]
[BlackElo "1551"]

1. e4 c5 2. Nc3 Nc6 3. f4 d6 4. Nf3 g6 5. Bc4 h6 6. b3 Bg7 7. Bb2 a6 8. a4 Nf6
9. O-O Nxe4 10. Re1 Nxc3 11. Bxc3 O-O 12. Bxg7 Kxg7 13. d4 Bg4 14. d5 Nd4 15.
Be2 Nxe2+ 16. Qxe2 e6 17. dxe6 Bxe6 18. Rad1 Qb6 19. Qd3 c4+ 20. Qd4+ Qxd4+
21. Nxd4 Rae8 22. Nxe6+ fxe6 23. Rxd6 Rxf4 24. Rexe6 Rxe6 25. Rxe6 cxb3 26.
cxb3 Rb4 27. Re3 Kf6 28. Kf2 Kf5 29. Kg3 Re4 30. Rd3 g5 31. Rc3 h5 32. h3 Ke5
33. Kf3 Rf4+ 34. Ke3 b6 35. Rc8 Rb4 36. Rc3 g4 37. hxg4 Rxg4 38. Kf3 Kf5 39.
g3 Re4 40. Rc8 Rd4 41. Rc3 Rd5 42. Re3 Rd4 43. Rc3 h4 44. gxh4 Rxh4 45. Kg3
Rf4 46. Rc8 Rb4 47. Rc3 Ke4 48. Kf2 Kd4 49. Rh3 Kc5 50. Ke2 Rd4 51. Ke3 Rd1
52. Ke2 Rb1 53. Kd2 Kb4 54. Kc2 Rg1 55. Rh4+ Ka3 56. a5 Rg2+ 57. Kc3 Rg3+ 58.
Kc2 Rxb3 59. axb6 Rxb6 60. Rh3+ Ka2 61. Rc3 Rb2+ 62. Kc1 a5 63. Rc4 Rb4 64.
Rc2+ Ka1 65. Rc3 Rb1+ 66. Kc2 Rb2+ 67. Kc1 Ra2 68. Rc2 Ra3 69. Rb2 Rc3+ 70.
Rc2 Rh3 71. Rc4 {#d} 1/2-1/2

[Event "Idaho Open"]
[Site "Pocatello, ID"]
[Date "2007.04.01"]
[Round "4.3"]
[White "Harmon-Vellotti, Carl Honor"]
[Black "Vellotti, Daniel J"]
[Result "0-1"]
[WhiteElo "1204"]
[BlackElo "1751"]

1. e4 e6 2. d4 d5 3. e5 c5 4. c3 Nc6 5. Nf3 Nge7 6. Bb5 Bd7 7. O-O Qb6 8. Bxc6
bxc6 9. b3 Nf5 10. Be3 cxd4 11. cxd4 Nxe3 12. fxe3 c5 13. Nc3 Be7 14. Qd3 O-O
15. e4 cxd4 16. Nxd4 Bc5 17. Rad1 dxe4 18. Nxe4 Bb5 19. Qc3 Bxd4+ 20. Rxd4
Bxf1 21. Kxf1 Qa6+ 22. Qc4 Qxa2 23. Nd6 Rab8 24. Rd3 Qa1+ {#R} 0-1

[Event "Idaho Open"]
[Site "Pocatello, ID"]
[Date "2007.04.01"]
[Round "5.5"]
[White "Seiniger, Sam"]
[Black "Harmon-Vellotti, Carl Honor"]
[Result "1-0"]
[WhiteElo "1507"]
[BlackElo "1204"]

1. e4 e5 2. Nf3 Nc6 3. d4 exd4 4. Bc4 Bc5 5. O-O Nf6 6. e5 d5 7. exf6 dxc4 8.
Re1+ Be6 9. Ng5 Qd5 10. Qe2 Ne5 11. fxg7 Rg8 12. Qxe5 Qxe5 13. Rxe5 Bd6 14.
Re1 Kd7 15. Nxe6 fxe6 16. Bh6 e5 17. Nd2 Bb4 18. Nxc4 Bxe1 19. Nxe5+ Kd6 20.
Rxe1 Rae8 21. f4 Re6 22. Nc4+ Kd5 23. Rxe6 Kxe6 24. g4 Kf6 25. g5+ Kf5 26. Kf2
Ke4 27. Ne5 b5 28. Nd7 {#r} 1-0

[Event "Idaho Open"]
[Site "Pocatello, ID"]
[Date "2007.04.01"]
[Round "5.7"]
[White "Owen, Gary"]
[Black "Harmon-Vellotti, Luke"]
[Result "1/2-1/2"]
[WhiteElo "1555"]
[BlackElo "1419"]

1. e4 e5 2. Nf3 Nc6 3. d4 exd4 4. Nxd4 Bc5 5. Nxc6 Qf6 6. Qe2 dxc6 7. Nc3 Ne7
8. Bd2 Be6 9. g3 O-O 10. Bg2 b5 11. O-O Rad8 12. Rad1 Bc4 13. Qh5 Bxf1 14.
Qxc5 Bxg2 15. Kxg2 a6 16. Bg5 Qe6 17. Bxe7 Rxd1 18. Bxf8 Rd7 19. Qa3 h6 20.
Bb4 Qc4 21. Bc5 Rd8 22. Be3 b4 23. Qa4 Rb8 24. a3 bxc3 25. Qxc4 cxb2 26. Qxc6
b1=Q 27. Qxc7 Rf8 28. e5 Qa2 29. c4 Qc2 30. c5 Qe4+ 31. Kg1 Qb1+ 32. Kg2 Qe4+
33. Kg1 Qb1+ 34. Kg2 Qe4+ {#d} 1/2-1/2

[Event "SIO"]
[Site "Jackpot, NV"]
[Date "2007.11.10"]
[Round "2.3"]
[White "Harmon-Vellotti, Carl Honor"]
[Black "Harmon-Vellotti, Luke"]
[Result "0-1"]
[WhiteElo "1579"]
[BlackElo "1685"]

1. c4 e5 2. Nc3 d6 3. g3 Nc6 4. Bg2 f5 5. d3 g6 6. Nf3 Bg7 7. O-O Nf6 8. Bg5
O-O 9. Nd5 h6 10. Bxf6 Bxf6 11. e4 Bg7 12. exf5 Bxf5 13. Nh4 Nd4 14. Ne3 c6
15. Nc2 Nxc2 16. Qxc2 Kh7 17. Qb3 Qe7 18. f4 exf4 19. Rxf4 Qe3+ 20. Kh1 Bxd3
21. Bf1 Rxf4 22. gxf4 Re8 23. Rd1 Qxf4 24. Qxd3 Qxh4 25. Qxd6 Be5 26. Qd7+ Re7
27. Qh3 Qxh3 28. Bxh3 Bxb2 29. Rb1 Bd4 30. Rd1 c5 31. Bg2 b6 32. a4 Re2 33.
Bc6 Rc2 34. Bb5 Kg7 35. Rf1 h5 36. h4 Re2 37. Bc6 Bf6 38. Rg1 Bxh4 39. Bf3 Re5
40. Kh2 Kh6 41. Kh3 Re3 42. Kxh4 Rxf3 43. a5 g5+ 44. Rxg5 Rf4+ {#R} 0-1

[Event "SIO"]
[Site "Jackpot, NV"]
[Date "2007.11.10"]
[Round "3.5"]
[White "Gorsuch, Tyler A"]
[Black "Harmon-Vellotti, Carl Honor"]
[Result "0-1"]
[WhiteElo "487"]
[BlackElo "1579"]

1. e4 e5 2. Nf3 Nc6 3. Bc4 Bc5 4. Nc3 Nf6 5. d3 d6 6. Bg5 Na5 7. Bb5+ c6 8.
Ba4 b5 9. Bb3 Nxb3 10. cxb3 h6 11. Bxf6 Qxf6 12. Qe2 Bg4 13. h3 Bxf3 14. Qxf3
Qxf3 15. gxf3 Bb4 16. O-O-O Bc5 17. Rhg1 g6 18. Rg4 Bxf2 19. Rf1 Bc5 20. a3 h5
21. Rh4 g5 22. Rg4 hxg4 23. b4 Be3+ 24. Kd1 gxh3 25. Ne2 h2 26. Ng3 Rh3 27.
Nf5 h1=Q 28. Rxh1 Rxh1+ 29. Ke2 Bd4 30. Ng7+ Ke7 31. Nf5+ Ke6 32. Ng7+ Kf6 33.
Nf5 Rah8 {#R} 0-1